Mikä Aasian kaupunki? - Statistics

Yleistilastot
  • Tätä visaa on pelattu 562 kertaa
  • Keskiarvotulos 14 / 25
Vastaustilastot
Vihje Kaupunki % Oikein
Maailman korkein rakennus sijaitsee täällä D Dubai
92%
Muslimien, juutalaisten ja kristittyjen pyhä kaupunki J Jerusalem
87%
Jokohama on yksi sen esikaupungeista T Tokio
87%
Sijaitsee kahdessa maanosassa I Istanbul
81%
Pudongin ja Hongqiaon lentoasemat palvelevat sitä S Shanghai
77%
Gangnam sijaitsee täällä S Soul
71%
Elokuvan "Slummien miljonääri" tapahtumapaikka M Mumbai
69%
Malediivien pääkaupunki M Malé
66%
Venäjän suurin Tyynenmeren rannalla sijaitseva kaupunki V Vladivostok
66%
Terrakotta-armeija sijaitsee tämän kaupungin lähistöllä X Xi'an
56%
Tunnetaan myös nimellä Saigon H Hồ Chí Minh
55%
Hadžin lopullinen määränpää M Mekka
55%
Häränlihastaan tunnettu kaupunki Japanissa K Kōbe
53%
Mesopotamian suurin kaupunki B Bagdad
52%
Hokkaidon suurin kaupunki S Sapporo
52%
Pakistanissa sijaitseva megapoli K Karachi
49%
Intiassa sijaitsevan Goan osavaltion suurin kaupunki, joka on nimetty portugalilaisen tutkimusmatkailijan mukaan V Vasco da Gama
45%
Kaupunki lähellä Baikaljärveä (on myös yksi alue pelissä "Risk") I Irkutsk
44%
Dalai-laman entinen asuinpaikka L Lhasa
44%
Taj Mahal sijaitsee tässä kaupungissa A Agra
41%
Suurin kaupunki Balin saarella D Denpasar
29%
10 miljoonan asukkaan kaupunki Hongkongin pohjoispuolella S Shenzhen
28%
Myanmarin toiseksi suurin kaupunki M Mandalay
24%
Jääveistoskilpailustaan tunnettu kaupunki Kiinassa H Harbin
21%
Bangladeshissa sijaitseva kaupunki, jossa on maailman toiseksi pisin hiekkaranta C {Cox}'s Bazar
17%
Ehtoja vastaavia visoja ei löytynyt
Tulosjakauma
Jokaisen tuloksen saaneiden osuus
Persentiili vastausten määrän mukaan
Tuloshistoriasi
Et ole pelannut tätä visaa